000 002330000a22000970004500
100 1 _aWinter, Ralph D.
245 1 0 _aThe unifished task
300 _aVol. 15, Núm 53 (1988), Páginas 21
773 0 _tWorld Evangelization
942 _cANA
999 _c58076
_d58076